UK Towns Quiz - Fife - Scotland - Statistics

General Stats
  • This quiz has been taken 128 times
  • The average score is 25 of 54
Answer Stats
Clue Town Population % Correct
D Dunfermline 56,027
95%
K Kirkcaldy 51,117
92%
S St Andrews 16,460
92%
G Glenrothes 37,468
91%
B Buckhaven 4,407
78%
L Leven 10,087
78%
C Cupar 8,817
76%
R Rosyth 13,303
72%
M Methil 10,703
70%
B Burntisland 6,254
68%
C Cowdenbeath 11,969
66%
D Dalgety Bay 9,461
66%
I Inverkeithing 5,260
64%
A Anstruther 3,928
62%
C Crail 1,549
62%
L Lochgelly 7,146
55%
T Tayport 3,958
53%
L Leuchars 2,482
51%
N North Queensferry 1,005
50%
K Kelty 6,901
49%
K Kinghorn 2,947
49%
A Aberdour 1,636
47%
N Newport-on-Tay 4,118
47%
C Cardenden 5,264
46%
L Ladybank 1,432
45%
L Lower Largo 2,397
45%
B Ballingry 5,818
43%
H High Valleyfield 2,272
41%
M Markinch 2,263
41%
K Kincardine 2,882
38%
P Pittenweem 1,451
38%
F Falkland 1,041
36%
A Auchtermuchty 2,042
35%
S St Monans 1,188
35%
K Kennoway 4,663
34%
O Oakley 2,295
34%
T Thornton 2,081
34%
L Leslie 2,893
32%
C Crossgates 2,988
30%
E East Wemyss 1,945
30%
F Freuchie 1,188
30%
N Newburgh 2,017
30%
L Limekilns 1,281
27%
C Crossford 2,241
26%
G Guardbridge 1,257
26%
K Kinglassie 1,815
23%
W Windygates 1,722
23%
S Springfield 1,039
20%
B Balmullo 1,321
19%
C Cairneyhill 2,663
19%
S Saline 1,412
18%
C Coaltown of Balgonie 1,026
16%
T Townhill 1,171
12%
B Blairhall 1,106
8%
No matching quizzes found
Score Distribution
Percent of People with Each Score
Percentile by Number Answered
Your Score History
You have not taken this quiz